01276nam a2200325 a 4500001001100000003000800011006001900019007001500038008004100053010001700094020002800111020003200139040002100171035002000192050002300212082002400235100002700259245012700286260003800413300001700451504005100468533015200519650003400671650003400705655002900739700002300768710001700791856012500808999001700933ebr5004446CaPaEBRm u cr cn|||||||||980526s1999 ctu sb 001 0 eng  z 98024563  z1567200060 (alk. paper) z027595272X (Praeger : pbk.) aCaPaEBRcCaPaEBR a(OCoLC)4998169214aHJ9147b.G5 1999eb04a352.4/8214/09732211 aGianakis, Gerasimos A.10aLocal government budgetingh[electronic resource] :ba managerial approach /cGerasimos A. Gianakis and Clifford P. McCue. aWestport, Conn. :bQuorum,c1999. axvii, 188 p. aIncludes bibliographical references and index. aElectronic reproduction.bPalo Alto, Calif. :cebrary,d2013.nAvailable via World Wide Web.nAccess may be limited to ebrary affiliated libraries. 0aLocal budgetszUnited States. 0aLocal financezUnited States. 7aElectronic books.2local1 aMcCue, Clifford P.2 aebrary, Inc.40uhttp://site.ebrary.com/lib/rucke/Doc?id=5004446zAn electronic book accessible through the World Wide Web; click to view c15778d15778